[Event "Piacenza Ruscitti Memorial 2nd"]
[Site "Piacenza"]
[Date "2023.11.19"]
[Round "4"]
[White "Grendene, Luca"]
[Black "Liberto, Michele"]
[Result "1/2-1/2"]
[WhiteElo "1488"]
[BlackElo "1748"]
[PlyCount "41"]
[EventDate "2023.11.18"]
[EventType "swiss"]
[EventRounds "5"]
[EventCountry "ITA"]
[SourceTitle "CB48_2023"]
[SourceDate "2023.11.29"]
[SourceVersion "1"]
[SourceVersionDate "2023.11.29"]
[SourceQuality "1"]

1. d4 Nf6 2. c4 e6 3. Nc3 Bb4 4. f3 0-0 5. a3 Bxc3+ 6. bxc3 Re8 7. e4 e5 8. Bd3 exd4 9. cxd4 c5 10. d5 d6 11. Ne2 Nbd7 12. Bb1 Ne5 13. Qc2 Qa5+ 14. Bd2 Qa6 15. Ba2 Qxa3 16. Bc3 Qa6 17. Bb3 Qb6 18. Ba5 Qa6 19. Bc3 Qb6 20. Ba5 Qa6 21. Bc3 1/2-1/2

[Event "ITA-ch U20"]
[Site "Tarvisio"]
[Date "2023.07.08"]
[Round "8"]
[White "Grendene, Luca"]
[Black "Toscano, Niccolo`"]
[Result "0-1"]
[WhiteElo "1588"]
[BlackElo "1330"]
[PlyCount "86"]
[EventDate "2023.07.02"]
[EventType "swiss"]
[EventRounds "9"]
[EventCountry "ITA"]
[SourceTitle "EXT 2024"]
[Source "ChessBase"]
[SourceDate "2023.10.10"]
[SourceVersion "1"]
[SourceVersionDate "2023.10.10"]
[SourceQuality "1"]

1. d4 Nf6 2. c4 e5 3. dxe5 Ng4 4. Nf3 Bc5 5. e3 Nc6 6. Nc3 Ngxe5 7. Be2 0-0 8. 0-0 a5 9. b3 Ra6 10. Bb2 Nxf3+ 11. Bxf3 Ne5 12. Be4 Rh6 13. g3 Re8 14. Bg2 d6 15. Ne2 Bg4 16. Bxe5 Rxe5 17. Qd3 Reh5 18. h4 g5 19. f3 Bd7 20. hxg5 Qxg5 21. f4 Qg7 22. Kf2 Rh2 23. Rh1 Bc6 24. Rxh2 Rxh2 25. Rg1 Qg4 26. Nd4 Bxd4 27. exd4 Bxg2 28. Rxg2 Qh3 29. Qf3 Rxg2+ 30. Qxg2 Qxg2+ 31. Kxg2 f5 32. Kh3 Kf7 33. Kh4 Kg6 34. a3 b6 35. b4 axb4 36. axb4 c5 37. bxc5 bxc5 38. d5 h6 39. Kh3 Kh5 40. Kg2 Kg4 41. Kf2 h5 42. Kg2 h4 43. gxh4 Kxh4 0-1

[Event "ITA-ch U20"]
[Site "Tarvisio"]
[Date "2023.07.06"]
[Round "6"]
[White "Grendene, Luca"]
[Black "Nardoni, Matteo"]
[Result "1/2-1/2"]
[WhiteElo "1588"]
[BlackElo "1759"]
[PlyCount "29"]
[EventDate "2023.07.02"]
[EventType "swiss"]
[EventRounds "9"]
[EventCountry "ITA"]
[SourceTitle "EXT 2024"]
[Source "ChessBase"]
[SourceDate "2023.10.10"]
[SourceVersion "1"]
[SourceVersionDate "2023.10.10"]
[SourceQuality "1"]

1. d4 Nf6 2. c4 g6 3. Nc3 Bg7 4. e4 d6 5. f3 Na6 6. Be3 Bd7 7. Qd2 c5 8. Nge2 Rb8 9. Rd1 Qa5 10. Bh6 0-0 11. h4 Nb4 12. Bxg7 Kxg7 13. h5 cxd4 14. h6+ Kg8 15. Nxd4 1/2-1/2

[Event "Dueville op-B 1st"]
[Site "Dueville"]
[Date "2023.06.04"]
[Round "4"]
[White "Le Van, Alessandro"]
[Black "Grendene, Luca"]
[Result "1/2-1/2"]
[WhiteElo "1547"]
[BlackElo "1484"]
[PlyCount "92"]
[EventDate "2023.06.01"]
[EventType "swiss"]
[EventRounds "5"]
[EventCountry "ITA"]
[SourceTitle "EXT 2024"]
[Source "ChessBase"]
[SourceDate "2023.10.10"]
[SourceVersion "1"]
[SourceVersionDate "2023.10.10"]
[SourceQuality "1"]

1. e4 c5 2. c3 d5 3. e5 e6 4. d4 Qb6 5. Nf3 Bd7 6. Bd3 cxd4 7. cxd4 Bb5 8. Nc3 Bb4 9. 0-0 Bxd3 10. Qxd3 Bxc3 11. bxc3 Nc6 12. Rb1 Qc7 13. Qb5 b6 14. Ba3 Rc8 15. Rbc1 Qd7 16. c4 Nge7 17. Bxe7 Nxe7 18. Qxd7+ Kxd7 19. cxd5 Nxd5 20. Ng5 Nc3 21. Rc2 Ke7 22. f4 h6 23. Nf3 Nd5 24. Rfc1 Rxc2 25. Rxc2 Kd7 26. g3 Rc8 27. Rxc8 Kxc8 28. Nd2 Nc3 29. Nc4 Ne2+ 30. Kf2 Nxd4 31. Nd6+ Kd7 32. Nxf7 Nf5 33. g4 Ke8 34. gxf5 Kxf7 35. fxe6+ Kxe6 36. Kf3 g6 37. Ke4 a6 38. h4 Ke7 39. Kd5 Kd7 40. a4 b5 41. axb5 axb5 42. Kc5 b4 43. Kxb4 Ke6 44. Kc5 g5 45. fxg5 hxg5 46. hxg5 Kxe5 1/2-1/2

[Event "Dueville op-B 1st"]
[Site "Dueville"]
[Date "2023.06.03"]
[Round "2"]
[White "Jimchi, Abdelaziz"]
[Black "Grendene, Luca"]
[Result "1/2-1/2"]
[WhiteElo "1677"]
[BlackElo "1484"]
[PlyCount "116"]
[EventDate "2023.06.01"]
[EventType "swiss"]
[EventRounds "5"]
[EventCountry "ITA"]
[SourceTitle "EXT 2024"]
[Source "ChessBase"]
[SourceDate "2023.10.10"]
[SourceVersion "1"]
[SourceVersionDate "2023.10.10"]
[SourceQuality "1"]

1. d4 Nf6 2. Nf3 g6 3. g3 Bg7 4. Bg2 0-0 5. 0-0 d5 6. b3 c5 7. Bb2 Ne4 8. Nbd2 Nc6 9. e3 Bg4 10. Qc1 f5 11. dxc5 e5 12. a3 Nxc5 13. h3 Bh5 14. Re1 Qd6 15. Nh2 g5 16. Bf3 Bxf3 17. Nhxf3 Ne4 18. Qd1 Qg6 19. Nxe4 dxe4 20. Qd5+ Kh8 21. Nxe5 Nxe5 22. Bxe5 Rad8 23. Bxg7+ Qxg7 24. Qa5 b6 25. Qb4 f4 26. Qxe4 Rd2 27. Rad1 fxe3 28. Qxe3 Rxc2 29. Re2 Rc3 30. Qe6 Qc7 31. Rd7 Qc5 32. b4 Rc1+ 33. Kg2 Qc3 34. Qe5+ Qxe5 35. Rxe5 Rc2 36. Kf1 Rcxf2+ 37. Ke1 R2f7 38. Rxf7 Rxf7 39. Rxg5 Rf3 40. a4 Rb3 41. Rg4 h5 42. Rh4 Rxg3 43. Rxh5+ Kg8 44. Rh4 Kf8 45. Kd2 a5 46. bxa5 bxa5 47. Rh5 Ke7 48. Kc2 Kd6 49. Kb2 Kc6 50. Rh8 Kc5 51. h4 Kb4 52. h5 Kxa4 53. h6 Rh3 54. h7 Rh4 55. Kc3 Ka3 56. Ra8 Rh3+ 57. Kc4 Rxh7 58. Rxa5+ Kb2 1/2-1/2

[Event "Chioggia op-B 15th"]
[Site "Chioggia"]
[Date "2022.10.02"]
[Round "4"]
[White "Grendene, Luca"]
[Black "Leardini, Mirko"]
[Result "0-1"]
[WhiteElo "1214"]
[BlackElo "1722"]
[PlyCount "43"]
[EventDate "2022.09.30"]
[EventType "swiss"]
[EventRounds "5"]
[EventCountry "ITA"]
[SourceTitle "EXT 2024"]
[Source "ChessBase"]
[SourceDate "2023.10.10"]
[SourceVersion "1"]
[SourceVersionDate "2023.10.10"]
[SourceQuality "1"]

1. e4 c5 2. Nf3 Nc6 3. d4 cxd4 4. Nxd4 e5 5. Nb5 d6 6. N1c3 a6 7. Na3 b5 8. Nd5 Nge7 9. Bg5 h6 10. Nxe7 Bxe7 11. Be3 0-0 12. Be2 Be6 13. 0-0 Rc8 14. Nb1 f5 15. f3 f4 16. Bf2 Qe8 17. Nc3 Qg6 18. Nd5 Bh3 19. Bg3 Bh4 20. gxh3 fxg3 21. Kg2 gxh2+ 22. Kxh2 0-1

[Event "Crema op 22nd"]
[Site "Crema"]
[Date "2022.09.11"]
[Round "6"]
[White "Rizzo, Alessandro"]
[Black "Grendene, Luca"]
[Result "1/2-1/2"]
[WhiteElo "1709"]
[BlackElo "1214"]
[PlyCount "37"]
[EventDate "2022.09.09"]
[EventType "swiss"]
[EventRounds "6"]
[EventCountry "ITA"]
[SourceTitle "CBM 210 Extra"]
[Source "ChessBase"]
[SourceDate "2022.11.30"]
[SourceVersion "1"]
[SourceVersionDate "2022.11.30"]
[SourceQuality "1"]

1. e4 e5 2. Nf3 Nc6 3. Bb5 a6 4. Ba4 Nf6 5. d3 d6 6. c3 Be7 7. Nbd2 0-0 8. Nf1 b5 9. Bc2 Bg4 10. Ng3 Re8 11. h3 Bd7 12. 0-0 d5 13. Qe2 dxe4 14. dxe4 Qc8 15. a4 Qb7 16. Rd1 Be6 17. Bd3 bxa4 18. Rxa4 Bb3 19. Bc2 1/2-1/2

[Event "Crema op 22nd"]
[Site "Crema"]
[Date "2022.09.09"]
[Round "1"]
[White "Grendene, Luca"]
[Black "Zorzi, Aristide"]
[Result "1/2-1/2"]
[WhiteElo "1214"]
[BlackElo "1756"]
[PlyCount "70"]
[EventDate "2022.09.09"]
[EventType "swiss"]
[EventRounds "6"]
[EventCountry "ITA"]
[SourceTitle "CBM 210 Extra"]
[Source "ChessBase"]
[SourceDate "2022.11.30"]
[SourceVersion "1"]
[SourceVersionDate "2022.11.30"]
[SourceQuality "1"]

1. e4 e6 2. d4 d5 3. e5 c5 4. c3 Nc6 5. Nf3 cxd4 6. cxd4 Bd7 7. Be2 Nge7 8. Nc3 Nf5 9. Bf4 Qb6 10. Be3 Qxb2 11. Qc1 Qxc1+ 12. Rxc1 Bb4 13. 0-0 Na5 14. Nb5 0-0 15. Rc7 Bc6 16. Rb1 Be7 17. Bd2 Nc4 18. Bb4 Bxb4 19. Rxb4 a6 20. Bxc4 dxc4 21. Nd6 Nxd6 22. exd6 Rad8 23. Ne5 Rxd6 24. Nxc6 bxc6 25. Rxc4 e5 26. R7xc6 Rxc6 27. Rxc6 Rd8 28. d5 f6 29. d6 Kf7 30. g3 Ke6 31. Rxa6 Rxd6 32. Ra7 Rd7 33. Rxd7 Kxd7 34. Kg2 f5 35. Kf3 Kd6 1/2-1/2